<?xml version="1.0" encoding="UTF-8"?>
<record
    xmlns:xsi="http://www.w3.org/2001/XMLSchema-instance"
    xsi:schemaLocation="http://www.loc.gov/MARC21/slim http://www.loc.gov/standards/marcxml/schema/MARC21slim.xsd"
    xmlns="http://www.loc.gov/MARC21/slim">

  <leader>01226nam0a2200289   4500</leader>
  <controlfield tag="001">RU\NLR\BIBL_A\012124960</controlfield>
  <controlfield tag="005">20250623212415.0</controlfield>
  <datafield tag="035" ind1=" " ind2=" ">
    <subfield code="a">(NLR Aleph) 012124960</subfield>
  </datafield>
  <datafield tag="090" ind1=" " ind2=" ">
    <subfield code="a">12013870</subfield>
    <subfield code="c">12013870</subfield>
  </datafield>
  <datafield tag="100" ind1=" " ind2=" ">
    <subfield code="a">20191021d1962    |||y0rusy50      ca</subfield>
  </datafield>
  <datafield tag="101" ind1="0" ind2=" ">
    <subfield code="a">rus</subfield>
  </datafield>
  <datafield tag="102" ind1=" " ind2=" ">
    <subfield code="a">RU</subfield>
  </datafield>
  <datafield tag="105" ind1=" " ind2=" ">
    <subfield code="a">acb z   000zy</subfield>
  </datafield>
  <datafield tag="200" ind1="1" ind2=" ">
    <subfield code="a">&#x41F;&#x435;&#x440;&#x435;&#x43D;&#x43E;&#x441;&#x447;&#x438;&#x43A;&#x438; &#x432;&#x43E;&#x437;&#x431;&#x443;&#x434;&#x438;&#x442;&#x435;&#x43B;&#x435;&#x439; &#x43F;&#x440;&#x438;&#x440;&#x43E;&#x434;&#x43D;&#x43E;&#x43E;&#x447;&#x430;&#x433;&#x43E;&#x432;&#x44B;&#x445; &#x431;&#x43E;&#x43B;&#x435;&#x437;&#x43D;&#x435;&#x439;</subfield>
    <subfield code="f">&#x43F;&#x43E;&#x434; &#x440;&#x435;&#x434;. &#x447;&#x43B;.-&#x43A;&#x43E;&#x440;. &#x410;&#x41C;&#x41D; &#x421;&#x421;&#x421;&#x420; &#x43F;&#x440;&#x43E;&#x444;. &#x41F;. &#x410;. &#x41F;&#x435;&#x442;&#x440;&#x438;&#x449;&#x435;&#x432;&#x43E;&#x439;</subfield>
  </datafield>
  <datafield tag="210" ind1=" " ind2=" ">
    <subfield code="a">&#x41C;.</subfield>
    <subfield code="c">&#x41C;&#x435;&#x434;&#x433;&#x438;&#x437;</subfield>
    <subfield code="d">1962</subfield>
  </datafield>
  <datafield tag="215" ind1=" " ind2=" ">
    <subfield code="a">343 &#x441;., [1] &#x43B;. &#x43F;&#x43E;&#x440;&#x442;&#x440;.</subfield>
    <subfield code="c">&#x438;&#x43B;., &#x43A;&#x430;&#x440;&#x442;.</subfield>
    <subfield code="d">27</subfield>
  </datafield>
  <datafield tag="320" ind1=" " ind2=" ">
    <subfield code="a">&#x411;&#x438;&#x431;&#x43B;&#x438;&#x43E;&#x433;&#x440;. &#x432; &#x43A;&#x43E;&#x43D;&#x446;&#x435; &#x433;&#x43B;.</subfield>
  </datafield>
  <datafield tag="606" ind1="1" ind2=" ">
    <subfield code="a">&#x41D;&#x430;&#x441;&#x435;&#x43A;&#x43E;&#x43C;&#x44B;&#x435;-&#x43F;&#x435;&#x440;&#x435;&#x43D;&#x43E;&#x441;&#x447;&#x438;&#x43A;&#x438; &#x431;&#x43E;&#x43B;&#x435;&#x437;&#x43D;&#x435;&#x439;</subfield>
    <subfield code="j">&#x421;&#x431;&#x43E;&#x440;&#x43D;&#x438;&#x43A;&#x438;</subfield>
    <subfield code="9">1181966</subfield>
    <subfield code="3">RU\NLR\AUTH\66475751</subfield>
  </datafield>
  <datafield tag="606" ind1="1" ind2=" ">
    <subfield code="a">&#x41A;&#x43B;&#x435;&#x449;&#x438;-&#x43F;&#x435;&#x440;&#x435;&#x43D;&#x43E;&#x441;&#x447;&#x438;&#x43A;&#x438; &#x431;&#x43E;&#x43B;&#x435;&#x437;&#x43D;&#x435;&#x439;</subfield>
    <subfield code="j">&#x421;&#x431;&#x43E;&#x440;&#x43D;&#x438;&#x43A;&#x438;</subfield>
    <subfield code="9">1483247</subfield>
    <subfield code="3">RU\NLR\AUTH\66633041</subfield>
  </datafield>
  <datafield tag="686" ind1="3" ind2=" ">
    <subfield code="a">&#x420;267.89&#x44F;43</subfield>
  </datafield>
  <datafield tag="686" ind1="3" ind2=" ">
    <subfield code="a">&#x420;267.82&#x44F;43</subfield>
  </datafield>
  <datafield tag="702" ind1=" " ind2="1">
    <subfield code="a">&#x41F;&#x435;&#x442;&#x440;&#x438;&#x449;&#x435;&#x432;&#x430;</subfield>
    <subfield code="b">&#x41F;. &#x410;.</subfield>
    <subfield code="f">1899-1973</subfield>
    <subfield code="g">&#x41F;&#x43E;&#x43B;&#x438;&#x43D;&#x430; &#x410;&#x43D;&#x434;&#x440;&#x435;&#x435;&#x432;&#x43D;&#x430;</subfield>
    <subfield code="4">340</subfield>
  </datafield>
  <datafield tag="852" ind1=" " ind2=" ">
    <subfield code="a">NLR</subfield>
    <subfield code="j">63-7/305</subfield>
  </datafield>
  <datafield tag="942" ind1=" " ind2=" ">
    <subfield code="c">BOOK</subfield>
  </datafield>
  <datafield tag="980" ind1=" " ind2=" ">
    <subfield code="a">NB</subfield>
  </datafield>
</record>
